| 000 | 00383nam a2200181Ia 4500 | ||
|---|---|---|---|
| 008 | 210210b1941 xxu||||| |||| 00| 0 eng d | ||
| 041 | _aeng | ||
| 082 | _a829/218 | ||
| 100 | _aCRONIN (A J) | ||
| 245 | _aKeys of the kingdom | ||
| 260 |
_a _b- _c1941 |
||
| 650 | _athe | ||
| 650 | _aof | ||
| 650 | _akingdom | ||
| 650 | _aKeys | ||
| 690 | _aEnglish Fiction | ||
| 906 | _a016825 | ||
| 999 |
_c136521 _d136521 |
||